20 Busiest Container Ports in Africa - Statistics

General Stats
  • This quiz has been taken 18 times
  • The average score is 11 of 20
Answer Stats
Country TEUs Answer % Correct
Egypt 1.2 m Alexandria
100%
South Africa 1 m Cape Town
100%
South Africa 3 m Durban
94%
Nigeria 1.5 m Lagos / Apapa & Tin Can
94%
Kenya 1.6 m Mombasa
94%
Tanzania 1 m Dar es Salaam
88%
Morocco 1 m Casablanca
82%
Djibouti 1.3 m Djibouti
82%
Côte d’Ivoire 1.4 m Abidjan
76%
Togo 1 m Lome
76%
Benin 0.7 m Cotonou
65%
Namibia 0.7 m Walvis Bay
41%
Mozambique 0.9 m Beira
18%
Egypt 2 m Damietta
18%
Morocco 10.5 m Tanger Med
18%
Morocco - Tanger Med II
18%
Egypt 5 m Port Said
6%
Ghana 1.5 m Tema
6%
Nigeria 0.5 m Lekki
0%
South Africa 1 m Ngqura
0%
No matching quizzes found
Score Distribution
Percent of People with Each Score
Percentile by Number Answered
Your Score History
You have not taken this quiz